000 01141pam a2200373 a 4500
001 1164186
003 OSt
005 20140310182705.0
008 961125s1997 nyuab 001 0 eng
010 _a 96040045
020 _a0895779056
040 _aDLC
_cDLC
_dDLC
043 _an-us---
050 0 0 _aGR 105
_b.P697 1997
082 0 0 _aM 398.0973
_bEx7 1997
245 0 0 _aPlaces of folklore and legend
260 _aPleasantville, New York :
_bReader's Digest,
_cc1997.
300 _a144 p. :
_bcol. ill., maps ;
_c28 cm.
440 0 _aExplore America
500 _aIncludes index.
521 _aCollege Students
526 _c1210L-1700L
541 _j1
562 _e1
650 0 _aTales
_zUnited States.
650 0 _aLegends
_zUnited States
651 0 _aUnited States
_xFolklore.
651 0 _aUnited States
_xHistory.
651 0 _aUnited States
_xDescription and travel.
710 2 _aReader's Digest Association.
906 _a7
_bcbc
_corignew
_d1
_eocip
_f19
_gy-gencatlg
942 _2lcc
_cBK
_kM
999 _c15203
_d15203